000
00253 a2200109 4500
001
155141
040
_c
Escola São Tomás de Aquino
240
1
0
_a
Proteger a plantação
_l
por
245
1
0
_a
Proteger a plantação
697
_a
GENERALIDADES
942
_c
BK
999
_c
155141
_d
155141